Le développement moderne de la théorie des corps algébriques : corps de classes et lois de réciprocité /
Guardado en:
| Autor Principal: | |
|---|---|
| Formato: | Libro |
| Idioma: | French |
| Publicado: |
Paris :
Gauthier-Villars,
1936.
|
| Series: | Mémorial des sciences mathématiques ;
fasc. 75 |
| Etiquetas: |
Agregar Etiqueta
Sin Etiquetas, Sea el primero en etiquetar este registro!
|
| LEADER | 00540nam a22001455a 4500 | ||
|---|---|---|---|
| 001 | MAT.inmabb001585 | ||
| 008 | 031124s1936####fr############000#0#fre#d | ||
| 005 | 20170818124056.0 | ||
| 245 | 1 | 3 | |a Le développement moderne de la théorie des corps algébriques : |b corps de classes et lois de réciprocité / |c par J. Herbrand. |
| 260 | |a Paris : |b Gauthier-Villars, |c 1936. | ||
| 300 | |a 72 p. ; |c 25 cm. | ||
| 440 | 0 | |a Mémorial des sciences mathématiques ; |v fasc. 75 | |
| 100 | 1 | |a Herbrand, J. | |
| 084 | |a 11-XX |2 msc2000 | ||
| 859 | |h 11 |i H538 |p A-1971 |b BIB. MATEMATICA | ||
